000 00987nam a2200253Ia 4500
003 OSt
005 20221005113333.0
006 a|||||r|||| 00| 0
007 ta
008 221004b |||||||| |||| 00| 0 pan d
020 _a9788130204963 (hbk)
_cINR 350.00
024 _a68467
037 _bSP/5335, 28/01/2020, Star Publications Pvt. Ltd.
_cTextual
040 _aCRL
_cCRL
_bpan
041 _2pan
_apan
082 _aQ8441xJ63, 153Q9
100 _aਸਿੰਘ, ਦਲਜੀਤ, ਥਦ.
245 0 _aਗੁਰੂ ਅਰਜਨ ਦੇਵ
_b ਸਿੱਖ ਧਰਮ ਦਾ ਵਿਕਾਸ ਅਤੇ Fਹਾਦਤ
260 _aਪਟਿਆਲਾ
_bਪੁੁਬਲੀਕੇFਨ ਬਿਊਰੋ ਭਾਰਤ
_c2019
300 _a162ਪ੍ਰ0
_ccm.
650 _aਸਿੱਖ ਧਰਮ
_9156314
942 _hQ8441xJ63, 153Q9
_cTEXL
_2cc
999 _c1027843
_d1027843